| 000 | 00645cab a2200217 4500 | ||
|---|---|---|---|
| 001 | WB3346-07 | ||
| 008 | 090401t1997 xxu||||| |||| 00| 0 eng d | ||
| 035 | _a(Sirsi) u82328 | ||
| 041 | _aeng | ||
| 245 | _aRising damp myth | ||
| 260 | _c1997 | ||
| 350 | _a0 | ||
| 490 |
_aIndependent on Sunday _v`Property` 23 November 1997, 9 |
||
| 490 |
_aTimes _v26 November 1997, 36(2) |
||
| 520 | _aLewisham Council believes rising damp is a myth, and is offering money to be proved wrong. | ||
| 650 | _aCONDENSATION | ||
| 650 | _aRISING DAMP | ||
| 690 | _aBUILDING AND CONSTRUCTION-REPAIRS AND MAINTENANCE | ||
| 942 | _n0 | ||
| 948 | _c25/11/1997 | ||
| 999 |
_c51959 _d51959 |
||